| 000 | 00419nam a22001697a 4500 | ||
|---|---|---|---|
| 005 | 20160504100534.0 | ||
| 008 | 160504b xxu||||| |||| 00| 0 eng d | ||
| 020 | _a81-203-0961-8 | ||
| 041 | _aeng | ||
| 082 | _a1229 | ||
| 100 |
_aTulls. Donald. Hanloins I. Del _9421 |
||
| 245 | _aMarketing Reserch | ||
| 260 |
_aNew Delhi _bPrentice hall of India, _c2000 |
||
| 300 | _a863 | ||
| 650 |
_aManagement _9241 |
||
| 942 | _cBK | ||
| 999 |
_c503 _d503 |
||